000 00372nam a2200157Ia 4500
008 230312s9999||||xx |||||||||||||| ||und||
020 _a81-219-9859-1
082 _a621
_bRAJ-M
100 _aRajput;R.K
245 0 _aMechatronics
260 _bS.Chand & Company Ltd
_aIndia
_c2007
300 _a618
546 _aEng.
650 _aEngineering
_vMechatronics
942 _cBK
999 _c7110
_d7110